Seismic Design of RC Buildings : (Record no. 554384)

000 -LEADER
fixed length control field 02992nam a22003255i 4500
020 ## - INTERNATIONAL STANDARD BOOK NUMBER
International Standard Book Number 9788132223191
082 04 - DEWEY DECIMAL CLASSIFICATION NUMBER
Classification number 624.15
Author Mark MAN
-- N-02,P-100
100 1# - MAIN ENTRY--PERSONAL NAME
Personal name Manohar, Sharad.
9 (RLIN) 51847
245 10 - TITLE STATEMENT
Title Seismic Design of RC Buildings :
Remainder of title Theory and Practice /
Statement of responsibility, etc. by Sharad Manohar, Suhasini Madhekar.
250 ## - EDITION STATEMENT
Edition statement 1st ed. 2015.
260 ## - PUBLICATION, DISTRIBUTION, ETC.
Place of publication, distribution, etc. india,
Name of publisher, distributor, etc. springer,
Date of publication, distribution, etc. 2015.
300 ## - PHYSICAL DESCRIPTION
Extent XXII, 450 pages 186 illustrations, 22 illustrations in color
490 1# - SERIES STATEMENT
Series statement Springer Transactions in Civil and Environmental Engineering,
505 0# - FORMATTED CONTENTS NOTE
Formatted contents note Earthquakes -- Important Attributes for Seismic Design -- Vibration Concepts -- Response Evaluation -- Planning for Aseismic Buildings -- Frames and Diaphragms -- Shear Walls.- Sub-structure Design and Soil-structure Coupling -- Confined and Reinforced Masonry Buildings -- Base Isolation -- Performance Based Seismic Design.
520 ## - SUMMARY, ETC.
Summary, etc. This book is intended to serve as a textbook for engineering courses on earthquake resistant design. The book covers important attributes for seismic design such as material properties, damping, ductility, stiffness and strength. The subject coverage commences with simple concepts and proceeds right up to nonlinear analysis and push-over method for checking building adequacy. The book also provides an insight into the design of base isolators highlighting their merits and demerits. Apart from the theoretical approach to design of multi-storey buildings, the book highlights the care required in practical design and construction of various building components. It covers modal analysis in depth including the important missing mass method of analysis and tension shift in shear walls and beams. These have important bearing on reinforcement detailing. Detailed design and construction features are covered for earthquake resistant design of reinforced concrete as well as confined and reinforced masonry structures. The book also provides the methodology for assessment of seismic forces on basement walls and pile foundations. It provides a practical approach to design and detailing of soft storeys, short columns, vulnerable staircases and many other components. The book bridges the gap between design and construction. Plenty of worked illustrative examples are provided to aid learning. This book will be of value to upper undergraduate and graduate students taking courses on seismic design of structures.
526 ## - STUDY PROGRAM INFORMATION NOTE
Program name 0
Interest level 0
Reading level 0
Title point value 624_150000000000000_MAN
650 #0 - SUBJECT ADDED ENTRY--TOPICAL TERM
Topical term or geographic name entry element Engineering geology.
650 #0 - SUBJECT ADDED ENTRY--TOPICAL TERM
Topical term or geographic name entry element Engineering-Geology.
650 #0 - SUBJECT ADDED ENTRY--TOPICAL TERM
Topical term or geographic name entry element Foundations.
9 (RLIN) 892
650 #0 - SUBJECT ADDED ENTRY--TOPICAL TERM
Topical term or geographic name entry element Geotechnical engineering.
650 #0 - SUBJECT ADDED ENTRY--TOPICAL TERM
Topical term or geographic name entry element Hydraulics.
650 #0 - SUBJECT ADDED ENTRY--TOPICAL TERM
Topical term or geographic name entry element Mechanics, Applied.
9 (RLIN) 13090
650 #0 - SUBJECT ADDED ENTRY--TOPICAL TERM
Topical term or geographic name entry element Mechanics.
9 (RLIN) 10681
650 14 - SUBJECT ADDED ENTRY--TOPICAL TERM
Topical term or geographic name entry element Geoengineering, Foundations, Hydraulics.
9 (RLIN) 51848
650 24 - SUBJECT ADDED ENTRY--TOPICAL TERM
Topical term or geographic name entry element Geotechnical Engineering & Applied Earth Sciences.
9 (RLIN) 51849
650 24 - SUBJECT ADDED ENTRY--TOPICAL TERM
Topical term or geographic name entry element Solid Mechanics.
9 (RLIN) 30212
700 1# - ADDED ENTRY--PERSONAL NAME
Personal name Madhekar, Suhasini.
9 (RLIN) 51850
856 40 - ELECTRONIC LOCATION AND ACCESS
Uniform Resource Identifier <a href="https://hdl.loc.gov/loc.gdc/stacks.2019745429">https://hdl.loc.gov/loc.gdc/stacks.2019745429</a>
942 ## - ADDED ENTRY ELEMENTS (KOHA)
Source of classification or shelving scheme
Koha item type Book
Holdings
Withdrawn status Lost status Source of classification or shelving scheme Damaged status Not for loan Permanent Location Current Location Date acquired Total Checkouts Full call number Barcode Date last seen Price effective from Koha item type
          Military College of Engineering (MCE) Military College of Engineering (MCE) 08/21/2020   624.15 MAN MCE-51440 08/21/2020 03/14/2021 Book
© 2023 Central Library, National University of Sciences and Technology. All Rights Reserved.